<A> Pecking Order Theory of Capital Inflows and International Tax Principles

Guardado en:
Detalles Bibliográficos
Autor principal: Razin, Assaf
Otros Autores: Sadka, Efraim, Yuen, Chi-Wa
Formato: Libro
Lenguaje:inglés
Publicado: Washington International Monetary Fund 1996
Edición:1. ed.
Colección:IMF Working Paper 26
Materias:
Etiquetas: Agregar Etiqueta
Sin Etiquetas, Sea el primero en etiquetar este registro!

MARC

LEADER 00000nam a2200000 4500
001 c017402
005 20221205125526.6
041 0 |a eng 
044 |a US 
245 1 0 |a <A> Pecking Order Theory of Capital Inflows and International Tax Principles  |c Assaf Razin, Efraim Sadka, Chi-Wa Yuen 
250 |a 1. ed. 
264 1 |a Washington  |b International Monetary Fund  |c 1996 
300 |a 23 s. 
490 1 |a IMF Working Paper  |v 26 
830 0 |a IMF Working Paper  |v 26 
610 2 0 |a kapitál zahraničný 
610 2 0 |a trh kapitálový medzinárodný 
610 2 0 |a portfólio 
610 2 0 |a investície kapitálové 
610 2 0 |a pohyb kapitálu 
610 2 0 |a dane 
610 2 0 |a investovanie 
610 2 0 |a teórie ekonomické 
100 1 |a Razin, Assaf 
700 1 |a Sadka, Efraim 
700 1 |a Yuen, Chi-Wa